00657nam a2200205 a 4500008004100000020003200041040002500073041001300098044001100111080001000122100002500132245007700157250001300234260004800247300002800295490001700323500005500340700003000395700002600425951123s1983||||[C 0 slo c c40 Kčs. q(29700 výtl.) aSNKbslocSNKeAACR21 asloheng axocSK a820-31 aLa Mure, Pierre4aut10aŽivot mony LisycPierre La Mure ; Magda Žáryová, Karol Rosmány a1., vyd. aBratislavabSmenac1983eBratislavafPravda a381 s., 23,23 AHc21 cm0 aEvavZv. 84. aIlustr. na predsádke. Rozlož. tit. list. Pozn.1 aŽáryová, Magda4trl1 aRosmány, Karol4bkd